Poesía completa
Uloženo v:
| Hlavní autor: | |
|---|---|
| Médium: | Kniha |
| Jazyk: | španělština |
| Vydáno: |
Madrid
Alianza
1982
|
| Edice: | Colección Alianza Tres
|
| Témata: | |
| Tagy: |
Přidat tag
Žádné tagy, Buďte první, kdo vytvoří štítek k tomuto záznamu!
|
MARC
| LEADER | 00000nam a2200000 a 4500 | ||
|---|---|---|---|
| 001 | UCZ2471 | ||
| 003 | CL-VaPUC | ||
| 008 | 951005e19820000SP |||||||||||||||||spa|d | ||
| 082 | 0 | 4 | |a 889.01 |b CAV |2 21 |
| 100 | 0 | |a Cavafis, C. P |e author |9 346224 | |
| 245 | 1 | 0 | |a Poesía completa |
| 300 | |a 348 p | ||
| 942 | |c BK | ||
| 945 | |d 19951005 00:00:00 |a rbrito | ||
| 260 | |a Madrid |b Alianza |c 1982 | ||
| 650 | 0 | |a Poesía griega |9 265627 | |
| 583 | |a last modification |c 19951005 00:00:00 |k Rodrigo Vera | ||
| 490 | 0 | |a Colección Alianza Tres | |
| 999 | |c 239064 |d 239062 | ||
| 952 | |0 0 |1 0 |4 0 |6 889_010000000000000_CAV_1982 |7 0 |8 A |9 249853 |a BIBART |b BIBART |d 2019-11-18 |i 3140717 |o 889.01 CAV 1982 |p 3140717 |r 2025-03-13 |w 2019-11-18 |y BK |k ART | ||